European Cities Beginning With K - Statistics

General Stats
  • This quiz has been taken 43 times
    22 since last reset
  • The average score is 14 of 23
Answers on the Map
Answers color-coded by a green-red scale on the quiz's map according to % correct below.
 
Answer Stats
Answer % Correct
Kingston upon Hull
94%
Kyiv
83%
Kaliningrad
78%
Kiel
72%
Kilkenny
72%
Kraków
72%
Kursk
72%
Kaunas
67%
Kherson
67%
Klagenfurt
67%
Košice
67%
Kharkiv
61%
Krk
61%
Katowice
56%
Keflavík
56%
Kotor
56%
Kassel
50%
Kragujevac
50%
Karlovy Vary
44%
Koper
44%
Klaipėda
39%
Komotini
33%
Kryvyi Rih
33%
No matching quizzes found
Score Distribution
Percent of People with Each Score
Percentile by Number Answered
Your Score History
You have not taken this quiz since the last reset